Statistics for Scotland A-Z

Click here to take the quiz!

General Stats

  • This quiz has been taken 10,911 times
    (10,889 since last reset)
  • The average score is 19 of 26

Answer Stats

HintAnswer% Correct
EScotland's capitalEdinburgh
97%
KPleated skirt for menKilt
96%
LScottish term for a lakeLoch
95%
A"Yes" in the Scots dialectAye
92%
PCity that gave its name to a major city in AustraliaPerth
92%
BWoodwind musical instrument associated with ScotlandBagpipes
92%
MShakespeare play set in ScotlandMacBeth
89%
VPeople that invaded Scotland in the 8th centuryVikings
84%
HFictional detective created by Arthur Conan DoyleSherlock Holmes
84%
JKing who commissioned an English translation of the BibleJames VI
84%
I"Capital" of the Scottish HighlandsInverness
82%
NColony in the Americas whose name is Latin for "New Scotland"Nova Scotia
77%
TCriss-cross patterns on cloth, sometimes associated with a specific clanTartan
76%
WHero portrayed in the movie "Braveheart"William Wallace
75%
GPopular sport from ScotlandGolf
73%
OIsland chain that lies about 10 miles north of the Scottish mainlandOrkney
69%
UNational animalUnicorn
69%
XChemical element discovered by William RamsayXenon
69%
DCity on the Firth of TayDundee
68%
FBiologist and physician who discovered penicillinAlexander Fleming
64%
ZScotland got its first ever win at the FIFA World Cup in 1974 against
this country (which now has a different name)
Zaire
63%
RLargest bankRBS
62%
CRoman name for ScotlandCaledonia
47%
SScottish Enlightenment figure known as "The Father of Economics"Adam Smith
44%
YTreaty that established the border between England and Scotland in 1237Treaty of {York}
44%
QBook by Sir Walter Scott about a Scottish archer in France{Quentin} Durward
22%

Score Distribution

Percentile by Number Answered

Percent of People with Each Score

Your Score History

You have not taken this quiz since the last reset